| 000 | 00634nam a2200181Ia 4500 | ||
|---|---|---|---|
| 008 | 190427s9999 xx 000 0 und d | ||
| 100 | _aGalotti, Kathleen M. | ||
| 245 | _aWays of knowing and appraisals of intellectual activities | ||
| 245 | _cKathleen M. Galotti, Michael J. Scheekloth, Anna P. Smith, Carl Bou Mansour and Lisa Nixon.-- | ||
| 260 | _bUniversity of Illinois Press | ||
| 260 | _c2018 | ||
| 300 | _aPages 53-63, Spring 2018 | ||
| 440 |
_aJournal of Psychology _v131(1) |
||
| 650 | _aCollege Studens | ||
| 650 | _aEpistemological styles | ||
| 650 | _aEpistemonological development | ||
| 650 | _aWays of knowing | ||
| 999 |
_c361749 _d361749 |
||